| 000 | 00752nam a2200157 a 4500 | ||
|---|---|---|---|
| 008 | 220224s2018 ||||||||||||||||| || u | ||
| 050 | _aCBU- PG THESIS/LUB | ||
| 100 | _aLubasi, Ilukena | ||
| 245 | 1 | 4 |
_aThe benefits and challenges of the Integrated Financial Management Information System in Government: A case study of Coppererbelt Province _c By Ilukena Lubasi |
| 260 |
_aKitwe _bCopperbelt University _c2018 |
||
| 300 | _axi, 68 pages : illustrations | ||
| 650 | _aFINANCIAL MANAGEMENT IN GOVERNMENT - COPPERBELT PROVINCE | ||
| 650 | _aINFORMATION SYSTEM IN GOVERNMENT | ||
| 650 | _aFINANCIAL MANAGEMENT | ||
| 995 |
_FCBU-MAIN LIBRARY (Kitwe) _M1 _UAVAILABLE _WOct 27, 2022 _ZUniversity Collection |
||
| 999 |
_c35729 _d35729 |
||